| 000 | 00843cab a2200277 4500 | ||
|---|---|---|---|
| 001 | ABS52667 | ||
| 008 | 090401t1995 xxu||||| |||| 00| 0 eng d | ||
| 035 | _a(Sirsi) u89687 | ||
| 041 | _aeng | ||
| 100 | _aThompson, J.C. | ||
| 245 | _aSunny side up | ||
| 260 | _c1995 | ||
| 350 | _a0 | ||
| 490 |
_aBuilding _v260(7889) 21 April 1995, 46-47(2) |
||
| 520 | _aReports on the potential use and manufacture in the UK of photovoltaic cells to provide electricity from the sun. | ||
| 650 | _aALTERNATIVE ENERGY SOURCES | ||
| 650 | _aBRITISH PHOTOVOLTAIC ASSOCIATION | ||
| 650 | _aELECTRICITY GENERATION | ||
| 650 | _aENERGY EFFICIENCY | ||
| 650 | _aPHOTOVOLTAIC CELLS | ||
| 650 | _aPHOTOVOLTAIC SYSTEMS | ||
| 650 | _aSOLAR ENERGY | ||
| 690 | _aBUILDING AND CONSTRUCTION-ENERGY CONSERVATION | ||
| 942 | _n0 | ||
| 948 | _c04/03/1997 | ||
| 999 |
_c56764 _d56764 |
||